000 00714nam a2200133Ia 4500
008 220615s9999||||xx |||||||||||||| ||und||
022 _a16648714
100 _aPaola Molina||Anne Henning||Daniela Bulgarelli
245 0 _aMental State Understanding: Individual Differences in Typical and Atypical Development
546 _aEnglish[eng]
650 _aDown Syndrome||Reflective Functioning||Mentalization||Autistic Spectrum Disorder||Emotion Understanding||Theory of Mind||Social Cognition||Internalizing and Externalizing Behaviors||Hearing Impairment
856 _uhttp://journal.frontiersin.org/researchtopic/4524/mental-state-understanding-individual-differences-in-typical-and-atypical-development
942 _cEB
999 _c9325
_d9325